=LDR 00000nam 2200000 4500 =001 INLIS000000000060327 =005 20220121072934 =035 ##$$a 0010-0122000263 =007 ta =008 220121###########################0#ind## =082 ##$$a R.348.02 =084 ##$$a R.348.02 Ind h =245 ##$$a Himpunan Peraturan - Peraturan Negara Tahun 1946 Nomor 1 s/d 24 =300 ##$$a 321 halaman ; $c 22 cm. =650 #4$$a Undang-Undagng dan Peraturan =264 ##$$a jakarta :$b Mutiara Bipenek,$c 1946 =336 ##$$a teks$2 rdacontent =337 ##$$a lain-lain$2 rdamedia =338 ##$$a lain-lain$2 rdacarrier =990 ##$$a 03540354